Mourning in the ancient Near East and the Hebrew Bible / (Record no. 28083)
[ view plain ]
| 000 -LEADER | |
|---|---|
| fixed length control field | 01118nam a2200229 4500 |
| 008 - FIXED-LENGTH DATA ELEMENTS--GENERAL INFORMATION | |
| fixed length control field | 061130s1999 enk b 001 0 eng d |
| 020 ## - INTERNATIONAL STANDARD BOOK NUMBER | |
| International Standard Book Number | 1841270296 :L12/USD21.83 |
| 090 ## - LOCALLY ASSIGNED LC-TYPE CALL NUMBER (OCLC); LOCAL CALL NUMBER (OCLC) | |
| Classification number (OCLC) (R) ; Classification number, CALL (RLIN) (NR) | BS1199.L27 |
| Local cutter number (OCLC) ; Book number/undivided call number, CALL (RLIN) | P49m |
| 100 1# - MAIN ENTRY--PERSONAL NAME | |
| Personal name | Pham, Xuan Huong Thi. |
| 245 10 - TITLE STATEMENT | |
| Title | Mourning in the ancient Near East and the Hebrew Bible / |
| Statement of responsibility, etc | Xuan Huong Thi Pham. |
| 260 ## - PUBLICATION, DISTRIBUTION, ETC. (IMPRINT) | |
| Place of publication, distribution, etc | Sheffield, England : |
| Name of publisher, distributor, etc | Sheffield Academic Press, |
| Date of publication, distribution, etc | c1999. |
| 300 ## - PHYSICAL DESCRIPTION | |
| Extent | 221 p. ; |
| Dimensions | 24 cm. |
| 490 1# - SERIES STATEMENT | |
| Series statement | Journal for the study of the Old Testament. |
| -- | Supplement series ; |
| Volume number/sequential designation | 302 |
| 500 ## - GENERAL NOTE | |
| General note | "The study is published here essentially as it was presented as a doctoral dissertation at The Catholic University of America in 1996"--p. [7]. |
| 504 ## - BIBLIOGRAPHY, ETC. NOTE | |
| Bibliography, etc | Includes bibliographical references (p. [201]-207) and indexe. |
| 630 04 - SUBJECT ADDED ENTRY--UNIFORM TITLE | |
| Uniform title | Bible. |
| Name of part/section of a work | O.T. |
| -- | Isaiah LI, 9-LII, 2 |
| General subdivision | Criticism, interpretation, etc. |
| 630 04 - SUBJECT ADDED ENTRY--UNIFORM TITLE | |
| Uniform title | Bible. |
| Name of part/section of a work | O.T. |
| -- | Lamentations I-II |
| General subdivision | Criticism, interpretation, etc. |
| 650 #4 - SUBJECT ADDED ENTRY--TOPICAL TERM | |
| Topical term or geographic name as entry element | Laments in the Bible. |
| 650 #4 - SUBJECT ADDED ENTRY--TOPICAL TERM | |
| Topical term or geographic name as entry element | Mourning customs |
| Geographic subdivision | Middle East. |
| 650 #4 - SUBJECT ADDED ENTRY--TOPICAL TERM | |
| Topical term or geographic name as entry element | Mourning customs, Jewish. |
| 951 ## - EQUIVALENCE OR CROSS-REFERENCE-GEOGRAPHIC NAME/AREA NAME [OBSOLETE] [CAN/MARC only] | |
| General subdivision | 00033927 |
| 951 ## - EQUIVALENCE OR CROSS-REFERENCE-GEOGRAPHIC NAME/AREA NAME [OBSOLETE] [CAN/MARC only] | |
| -- | 29991 |
| -- | BS1199.L27/P49m |
| -- | 070613111619562 |
| -- | 2000-12-21 |
| -- | GC |
| Withdrawn status | Lost status | Damaged status | Not for loan | Home library | Current library | Shelving location | Date acquired | Accession number | Shelving control number | Total Checkouts | Full call number | Barcode | Date last seen | Price effective from | Koha item type |
|---|---|---|---|---|---|---|---|---|---|---|---|---|---|---|---|
| BSOP Library | BSOP Library | GC | 12/21/2000 | 29991 | 127 | BS1199.L27/P49m | 00033927 | 02/23/2013 | 02/23/2013 | Books |
